000 00712nam a22002417a 4500
001 BR9509161
003 BR-BrBNA
005 20230928095123.0
007 ta
008 230509b bl.||||| |||| 00| 0 por d
040 _aBR-BrBNA
_bpor
_cBiblioteca Nacional de Agricultura
041 _a(Por)
072 _aE11
090 _ E11 BR9509161
110 1 _aMinisterio da Reforma e do Desenvolvimento Agrario, Brasilia, DF (Brasil)
_97061
245 1 _aConflitos de terra em que se registram mortes, ocorridas no pais em 1985
260 3 _aBrasilia, DF (Brasil):
_c1986.
300 _a135 p.
650 _aReforma Agraria
650 _aPosse de Terra
909 _a202309
_bLucia
_c55
_dLucia Elande
942 _cBK
999 _c54642
_d54642